Most Streamed Songs of 2010 - Statistics

General Stats
  • This quiz has been taken 35 times
  • The average score is 8 of 20
Answer Stats
# Streams Artist(s) Answer % Correct
8 1,815,754,198 Bruno Mars Grenade
77%
5 2,075,037,126 Eminem ft. Rihanna Love The Way You Lie
65%
4 2,295,650,748 Adele Rolling In The Deep
65%
15 1,405,872,061 Justin Bieber ft. Ludacris Baby
58%
16 1,360,723,847 Taio Cruz Dynamite
58%
14 1,442,894,097 Katy Perry Firework
54%
1 3,065,480,517 Bruno Mars Just The Way You Are
54%
18 1,301,962,989 Bruno Mars The Lazy Song
50%
2 2,368,033,237 Foster The People Pumped Up Kicks
46%
19 1,300,976,412 Usher ft. Pitbull DJ Got Us Fallin' In Love
31%
9 1,733,649,181 Katy Perry Last Friday Night (T.G.I.F.)
31%
10 1,689,576,893 Rihanna Only Girl (In The World)
31%
13 1,479,899,118 Bruno Mars Marry You
27%
11 1,548,922,798 Rihanna S&M
27%
3 2,360,300,786 Don Omar & Lucenzo Danza Kuduro
23%
6 1,966,106,628 Miguel Sure Thing
23%
7 1,963,950,245 Bruno Mars Talking To The Moon
23%
17 1,357,843,062 Katy Perry The One That Got Away
23%
12 1,516,860,394 Plan B Es Un Secreto
8%
20 1,296,984,691 Patrick Watson Je Te Laisserai Des Mots
4%
No matching quizzes found
Score Distribution
Percent of People with Each Score
Percentile by Number Answered
Your Score History
You have not taken this quiz